00681 2200265 4500001002100000005001700021008004100038035002400079082000800103090001500111100002800126245004600154250001100200260004200211300002400253500003100277500001100308650001800319850001500337980001200352985000600364999001500370999001500385999001500400YOGYA-0209000000867420090227021131.0 ind  0010-020900000008674 a172 a172bMag K aMAGNIS-SUSENO Sj, Franz aKuasa dan moralcFranz Magnis - Suseno Sj aCet. 3 aJakartabGramedia Pustaka Utamac1995 axii, 171 hlmc21 cm aBibliografi : hlm. 163-165 aIndeks aEtika politik aYOPDYOG(B) a19-5-05 a1 a96P0083767 a96P0083768 a96P0083769